000 004970000a22001570004500
060 _a100
082 _a630. 715 091 AXI
100 _aAxinn, George H
100 _aSudhakar Thorat
245 _aModernizing world agriculture: a comparativce study of agricultural extension education systems
260 _aNewdelhi, Oxford & IBH publishing company
260 _c1972
300 _a217
650 _aAgricultural extension education systems/extension education-united states
942 _cBK
999 _c362461
_d362461